000 00579nam a2200181Ia 4500
003 IN-BaIIA
008 211028s9999 xx 000 0 eng d
040 _cIIA Library
080 _a681.31.04
_bICM-1
245 0 _aIC Master
_bselection guides and fuction index
_cedited by David M. Howell
260 _aNew York
_bHearst Business Communications
_c1996
300 _a[various pagings.]
650 _aDirectory
_9567
650 _aIC Master
_920529
650 _aintegrated circuits
_93314
700 _aHowell, David M. ed.
942 _cBK
999 _c11825
_d11825